| Tag |
First Indicator |
Second Indicator |
Subfields |
| LEADER |
00000cam a22000001a 4500 |
| 001 |
in00002321968 |
| 005 |
20190326205108.0 |
| 006 |
m | d | |
| 007 |
cr |n||||||||n |
| 008 |
010813s1652 ne s 000 0 dut d |
| 040 |
|
|
|a TXA
|c TXA
|d OCLCQ
|d Thomson Gale
|d UtOrBLW
|
| 100 |
1 |
|
|a Coghe, Jeremias de.
|
| 245 |
1 |
0 |
|a Specie-boeck :
|b Vervattende alderhande soo goude als silvere specien, waer in men sonder te rekenen alle sommen van penningen, die men ontfanght ende uyt-geeft, haestigh en seeckerlijck kan na-sien of de selve accorderen /
|c t'Samen gestelt door Ieremias de Coghe Boeck-houder ; by-gevoecht en vermeerdert met een rabat-boecxken tegen 8.ten hondert door Mr. Sybrant hansz Cardinael.
|
| 250 |
|
|
|a Den vierden druck.
|
| 264 |
|
1 |
|a T'Amsterdam :
|b Ghedruckt by Iohannes Colom, Boeck-verkooper,
|c 1652.
|
| 300 |
|
|
|a 173, 35 pages ;
|c 13 cm.
|
| 336 |
|
|
|a text
|b txt
|2 rdacontent
|
| 337 |
|
|
|a computer
|b c
|2 rdamedia
|
| 338 |
|
|
|a online resource
|b cr
|2 rdacarrier
|
| 500 |
|
|
|a Reproduction of original from Goldsmiths' Library, University of London.
|
| 500 |
|
|
|a Goldsmiths'-Kress number 01259.1.
|
| 510 |
4 |
|
|a OCLC,
|c 47773096
|
| 533 |
|
|
|a Electronic reproduction.
|b Farmington Hills, Mich. :
|c Thomson Gale,
|d 2005.
|f (The making of the modern world).
|n Available via the World Wide Web.
|n Access limited to licensing agreements.
|7 s2005 miunns
|
| 500 |
|
|
|a Electronic resource.
|
| 650 |
|
0 |
|a Ready-reckoners.
|
| 655 |
|
0 |
|a Electronic books.
|
| 700 |
1 |
|
|a Hansz, Sybrant,
|c Cardinael van Harlingen.
|t Tafel van het rabat tegens 8.ten hondert.
|
| 830 |
|
0 |
|a Making of the modern world (Goldsmiths'-Kress Library of Economic Literature)
|
| 856 |
4 |
0 |
|u http://proxy.library.tamu.edu/login?url=http://galenet.galegroup.com/servlet/MOME?af=RN&ae=U109737173&srchtp=a&ste=14&locID=txshracd2898
|z Connect to the full text of this electronic book
|t 0
|
| 999 |
|
|
|a MARS
|
| 999 |
f |
f |
|s a29c16c8-8e4f-3ae4-95ae-1b7c432c4079
|i a03c02a1-7a0f-3b4b-a8e2-c68788cc1af0
|t 0
|
| 952 |
f |
f |
|a Texas A&M University
|b College Station
|c Electronic Resources
|d Available Online
|t 0
|h No information provided
|
| 998 |
f |
f |
|t 0
|l Available Online
|